000 01278nam0a2200337 4500
001 RU\NLR\BIBL_A\011700372
005 20181001162529.0
010 _a978-5-699-98971-3
_96000
021 _aRU
_bКН-П-18-026934
_9КН-П-18-1959
021 _aRU
_bКН-П-22-069264
_9КН-П-22-6030
035 _a(NLR Aleph) 011700372
035 _a(RuMoRGB)009605011
090 _a11386301
_c11386301
100 _a20180516d2018 d y0rusy50 ca
101 1 _arus
102 _aRU
105 _a z 000
200 1 _aСкарлет и Айви
_iШепот в стенах
_fСофи Клеверли
_g[пер. с англ. К. И. Молькова]
210 _aМосква
_cЭксмо
_d2018
215 _a413, [1] с.
_cил.
_d21
225 1 _aСкарлет и Айви
_eтайны и загадки Руквудской школы
333 _a12+; для среднего школьного возраста
686 _aШ9(2)72(4Вл)
_2rubbk
686 0 _aШ9(7США)62-4
700 1 _7ca
_8rus
_aКлеверли
_bС.
_f1989-
_gСофи
_9186129
_3RU\NLR\AUTH\770186180
942 _cBOOK
980 _aNB